NICHE MARKETING CONCEPTS AND EXPERIENCES (Record no. 6637)

MARC details
000 -LEADER
fixed length control field 00350nam a2200133Ia 4500
008 - FIXED-LENGTH DATA ELEMENTS--GENERAL INFORMATION
fixed length control field 240624s9999 xx 000 0 und d
041 ## - LANGUAGE CODE
Language code of text/sound track or separate title eng
082 ## - DEWEY DECIMAL CLASSIFICATION NUMBER
Classification number 658.8 KUM
100 ## - MAIN ENTRY--PERSONAL NAME
Personal name KUMAR V V RAVI
245 ## - TITLE STATEMENT
Title NICHE MARKETING CONCEPTS AND EXPERIENCES
260 ## - PUBLICATION, DISTRIBUTION, ETC.
Date of publication, distribution, etc. 2006
Place of publication, distribution, etc. Hyderabad
Name of publisher, distributor, etc. ICFAI press
300 ## - PHYSICAL DESCRIPTION
Extent xi, : 259 : p. : cm. ; 23
365 ## - TRADE PRICE
Currency code RS
Price amount 50
Holdings
Withdrawn status Lost status Damaged status Not for loan Home library Current library Shelving location Date acquired Source of acquisition Cost, normal purchase price Total Holds Full call number Barcode Date last seen Copy number Price effective from Koha item type
        IMTN IMTN Rack 32-B 10/03/2007 ICFAI 450.00 2 658.8 KUM 6637 06/24/2024 1 06/24/2024 Books
Designed & Maintained by: LRC IMT Nagpur Contact: lrc@imtnag.ac.in© 2024. All Rights Reserved.